[Event "Vienna Chess Open 2019"]
[Site "Vienna"]
[Date "2019.08.18"]
[Round "2.9"]
[White "Bakhmatsky, Vladislav"]
[Black "Brustkern, Juergen"]
[Result "1-0"]
[WhiteElo "2442"]
[BlackElo "2217"]
[Annotator "NA"]
[PlyCount "75"]
[EventDate "2019.08.17"]
[EventType "swiss"]
[EventCountry "AUT"]
[SourceTitle "playchess.com"]
[Source "ChessBase"]
[SourceQuality "1"]
[TimeControl "40/5400+30:1800+30"]

1. e4 {[%emt 0:00:00]} e5 {[%emt 0:01:05]} 2. Nf3 {[%emt 0:00:00]} Nc6 {[%emt 0:00:05]} 3. Bb5 {[%emt 0:00:42]} a6 {[%emt 0:01:12]} 4. Ba4 {[%emt 0:00:04]} d6 {[%emt 0:00:09]} 5. c3 {[%emt 0:01:12]} Bd7 {[%emt 0:00:30]} 6. d4 {[%emt 0:00:42]} g6 {[%emt 0:00:28]} 7. O-O {[%emt 0:01:26]} Bg7 {[%emt 0:00:06]} 8. Re1 {[%emt 0:01:37]} b5 {[%emt 0:02:51]} 9. Bc2 {[%emt 0:15:02]} Nf6 {[%emt 0:04:14]} 10. h3 {[%emt 0:03:59]} O-O {[%emt 0:00:20]} 11. Be3 {[%emt 0:11:44]} Re8 {[%emt 0:04:44]} 12. Nbd2 {[%emt 0:01:04]} Rb8 {[%emt 0:05:58]} 13. a3 {[%emt 0:13:02]} a5 {[%emt 0:07:43]} 14. d5 {[%emt 0:08:05]} Ne7 {[%emt 0:00:17]} 15. a4 {[%emt 0:00:02]} c6 {[%emt 0:15:00]} 16. dxc6 {[%emt 0:03:03]} Bxc6 {[%emt 0:01:52]} 17. axb5 {[%emt 0:00:45]} Rxb5 {[%emt 0:00:44]} 18. Ra2 {[%emt 0:11:52]} Qb8 {[%emt 0:03:03]} 19. b3 {[%emt 0:03:19]} d5 {[%emt 0:01:48]} 20. c4 {[%emt 0:00:47]} dxc4 {[%emt 0:01:40]} 21. bxc4 {[%emt 0:00:01]} Rb2 {[%emt 0:00:30]} 22. Rxa5 {[%emt 0:02:05]} Qb4 {[%emt 0:02:54]} 23. Ra6 {[%emt 0:01:43]} Nd7 {[%emt 0:05:58]} 24. Ba4 {[%emt 0:02:50]} Rc8 {[%emt 0:02:38]} 25. Bxc6 {[%emt 0:03:06]} Nxc6 {[%emt 0:00:26]} 26. Ra4 {[%emt 0:00:57]} Qe7 {[%emt 0:06:31]} 27. Nb3 {[%emt 0:07:03]} Rb8 {[%emt 0:06:16]} 28. Na5 {[%emt 0:00:13]} Nd8 {[%emt 0:05:43]} 29. Ra1 {[%emt 0:01:14]} Rc8 {[%emt 0:04:07]} 30. Bc1 {[%emt 0:03:32]} Rbb8 {[%emt 0:01:01]} 31. Ba3 {[%emt 0:00:32]} Nc5 {[%emt 0:00:52]} 32. Nb3 {[%emt 0:01:20]} Rxb3 {[%emt 0:06:17]} 33. Bxc5 {[%emt 0:00:18]} Qb7 {[%emt 0:00:06]} 34. Ra7 {[%emt 0:01:35]} Qb8 {[%emt 0:00:09]} 35. Rd7 {[%emt 0:00:18]} Ne6 {[%emt 0:00:31]} 36. Bd6 {[%emt 0:00:34]} Qb6 {[%emt 0:00:37]} 37. Bxe5 {[%emt 0:00:02]} Rxc4 {[%emt 0:02:38]} 38. Nd2 {[%emt 0:00:45]} 1-0

[Event "Vienna Chess Open 2019"]
[Site "Vienna"]
[Date "2019.08.18"]
[Round "2.9"]
[White "Pitschka, Claus"]
[Black "Gschnitzer, Adrian"]
[Result "0-1"]
[WhiteElo "2205"]
[BlackElo "2410"]
[Annotator "NA"]
[PlyCount "54"]
[EventDate "2019.08.17"]
[EventType "swiss"]
[EventCountry "AUT"]
[SourceTitle "playchess.com"]
[Source "ChessBase"]
[SourceQuality "1"]
[TimeControl "40/5400+30:1800+30"]

1. d4 {[%emt 0:00:00]} Nf6 {[%emt 0:00:53]} 2. Bf4 {[%emt 0:00:00]} c5 {[%emt 0:00:10]} 3. e3 {[%emt 0:00:00]} cxd4 {[%emt 0:01:19]} 4. exd4 {[%emt 0:00:01]} Qb6 {[%emt 0:00:06]} 5. Na3 {[%emt 0:01:15]} a6 {[%emt 0:01:10]} 6. Nc4 {[%emt 0:00:53]} Qd8 {[%emt 0:01:55]} 7. c3 {[%emt 0:07:51]} b5 8. Ne3 {[%emt 0:05:04]} e6 {[%emt 0:04:50]} 9. a4 {[%emt 0:08:39]} b4 {[%emt 0:00:56]} 10. c4 {[%emt 0:00:05]} Bb7 {[%emt 0:02:24]} 11. Be2 {[%emt 0:01:01]} Be7 {[%emt 0:12:47]} 12. Bf3 {[%emt 0:00:58]} d5 {[%emt 0:08:59]} 13. c5 {[%emt 0:03:04]} Nc6 {[%emt 0:01:22]} 14. Ne2 {[%emt 0:00:50]} O-O {[%emt 0:05:37]} 15. O-O {[%emt 0:01:38]} Ne8 16. h3 f5 {[%emt 0:04:33]} 17. Rc1 {[%emt 0:22:40]} Bf6 {[%emt 0:00:48]} 18. b3 {[%emt 0:04:00]} a5 {[%emt 0:01:58]} 19. Re1 {[%emt 0:03:04]} Qd7 {[%emt 0:04:43]} 20. Nc2 {[%emt 0:04:28]} g5 {[%emt 0:02:15]} 21. Bh2 {[%emt 0:00:05]} Bh8 {[%emt 0:10:35]} 22. Qd2 {[%emt 0:03:28]} h6 {[%emt 0:00:51]} 23. Kh1 {[%emt 0:03:31]} Nf6 {[%emt 0:03:20]} 24. Ng1 {[%emt 0:05:30]} g4 {[%emt 0:01:38]} 25. Be2 {[%emt 0:00:05]} Ne4 {[%emt 0:00:30]} 26. Qe3 {[%emt 0:00:06]} e5 {[%emt 0:03:17]} 27. Bd3 {[%emt 0:05:50]} f4 {[%emt 0:03:48]} 0-1

[Event "Vienna Chess Open 2019"]
[Site "Vienna"]
[Date "2019.08.18"]
[Round "2.10"]
[White "Fernandez Garcia, Jose Luis"]
[Black "Kiese, Matthias"]
[Result "1/2-1/2"]
[WhiteElo "2407"]
[BlackElo "2407"]
[Annotator "NA"]
[PlyCount "67"]
[EventDate "2019.08.17"]
[EventType "swiss"]
[EventCountry "AUT"]
[SourceTitle "playchess.com"]
[Source "ChessBase"]
[SourceQuality "1"]
[TimeControl "40/5400+30:1800+30"]

1. e4 {[%emt 0:00:00]} c5 {[%emt 0:00:00]} 2. Nf3 {[%emt 0:00:00]} d6 {[%emt 0:00:00]} 3. d4 {[%emt 0:00:00]} cxd4 {[%emt 0:00:00]} 4. Qxd4 {[%emt 0:00:02]} Nc6 {[%emt 0:01:03]} 5. Qe3 {[%emt 0:00:20]} Nf6 {[%emt 0:01:50]} 6. Be2 {[%emt 0:00:18]} g6 {[%emt 0:02:10]} 7. O-O {[%emt 0:00:29]} Bg7 {[%emt 0:00:25]} 8. h3 {[%emt 0:01:47]} O-O {[%emt 0:01:34]} 9. Rd1 {[%emt 0:00:12]} Qc7 {[%emt 0:06:47]} 10. c4 {[%emt 0:16:37]} Nb4 {[%emt 0:24:29]} 11. Na3 {[%emt 0:08:41]} a6 {[%emt 0:06:50]} 12. Bd2 {[%emt 0:02:58]} Nc6 {[%emt 0:02:17]} 13. Bc3 {[%emt 0:01:27]} Nd7 {[%emt 0:07:20]} 14. Bxg7 {[%emt 0:02:37]} Kxg7 {[%emt 0:00:08]} 15. Nc2 {[%emt 0:03:14]} Nce5 {[%emt 0:08:36]} 16. Nxe5 {[%emt 0:05:45]} Nxe5 {[%emt 0:03:28]} 17. Qc3 {[%emt 0:05:14]} f6 {[%emt 0:02:00]} 18. f4 {[%emt 0:00:39]} Nc6 {[%emt 0:05:28]} 19. Ne3 {[%emt 0:02:39]} Be6 {[%emt 0:03:34]} 20. Bg4 {[%emt 0:02:13]} Bxg4 {[%emt 0:03:19]} 21. hxg4 {[%emt 0:03:21]} Qa5 {[%emt 0:01:44]} 22. Qxa5 {[%emt 0:18:36]} Nxa5 {[%emt 0:00:10]} 23. b4 {[%emt 0:00:01]} Nc6 {[%emt 0:00:18]} 24. Rab1 {[%emt 0:00:01]} Rac8 {[%emt 0:03:48]} 25. Rd5 {[%emt 0:08:22]} Nd8 {[%emt 0:06:20]} 26. e5 {[%emt 0:01:59]} fxe5 {[%emt 0:01:00]} 27. fxe5 {[%emt 0:00:12]} Nf7 {[%emt 0:01:06]} 28. exd6 {[%emt 0:04:05]} exd6 {[%emt 0:00:16]} 29. c5 {[%emt 0:00:35]} Rfd8 {[%emt 0:01:01]} 30. Rbd1 {[%emt 0:09:41]} dxc5 {[%emt 0:00:24]} 31. bxc5 {[%emt 0:00:25]} Rxd5 {[%emt 0:01:18]} 32. Rxd5 {[%emt 0:00:05]} Kf6 {[%emt 0:01:48]} 33. Rd7 {[%emt 0:01:05]} Rxc5 {[%emt 0:01:12]} 34. Rxb7 {[%emt 0:00:04]} 1/2-1/2

[Event "Vienna Chess Open 2019"]
[Site "Vienna"]
[Date "2019.08.18"]
[Round "2.10"]
[White "Bruchmann, Stephan"]
[Black "Cvitan, Ognjen"]
[Result "0-1"]
[WhiteElo "2251"]
[BlackElo "2493"]
[Annotator "ChessBase"]
[PlyCount "94"]
[EventDate "2019.08.17"]
[EventType "swiss"]
[EventCountry "AUT"]
[SourceTitle "playchess.com"]
[Source "ChessBase"]
[SourceQuality "1"]
[TimeControl "40/5400+30:1800+30"]

1. e4 {[%emt 0:05:30]} c5 {[%emt 0:02:53]} 2. Nf3 {[%emt 0:00:09]} d6 {[%emt 0:01:54]} 3. Bb5+ {[%emt 0:00:41]} Bd7 {[%emt 0:00:28]} 4. Bxd7+ {[%emt 0:01:07]} Qxd7 {[%emt 0:00:21]} 5. O-O {[%emt 0:00:26]} Nf6 {[%emt 0:00:20]} 6. e5 {[%emt 0:05:34]} dxe5 {[%emt 0:00:44]} 7. Nxe5 {[%emt 0:00:08]} Qc8 {[%emt 0:00:15]} 8. Qf3 {[%emt 0:00:15]} e6 {[%emt 0:00:23]} 9. b3 {[%emt 0:00:08]} Be7 {[%emt 0:00:59]} 10. Bb2 {[%emt 0:00:08]} O-O {[%emt 0:00:15]} 11. Na3 {[%emt 0:00:06]} Nfd7 {[%emt 0:03:44]} 12. Nac4 {[%emt 0:03:01]} Nxe5 {[%emt 0:00:13]} 13. Nxe5 {[%emt 0:01:48]} f6 {[%emt 0:00:23]} 14. Ng4 {[%emt 0:05:13]} Nc6 {[%emt 0:00:48]} 15. Rfe1 {[%emt 0:04:11]} e5 {[%emt 0:04:23]} 16. Ne3 {[%emt 0:00:45]} Rf7 {[%emt 0:00:07]} 17. Rad1 {[%emt 0:20:18]} Qd7 {[%emt 0:05:37]} 18. d3 {[%emt 0:09:14]} Rd8 {[%emt 0:01:49]} 19. c3 {[%emt 0:00:37]} Bf8 {[%emt 0:03:25]} 20. Nc2 {[%emt 0:16:43]} Qd5 {[%emt 0:09:56]} 21. Qe2 {[%emt 0:00:35]} Rfd7 {[%emt 0:00:06]} 22. Rd2 {[%emt 0:00:41]} g6 {[%emt 0:03:59]} 23. Red1 {[%emt 0:00:44]} Bh6 {[%emt 0:00:27]} 24. Ne3 {[%emt 0:00:10]} Qe6 {[%emt 0:01:19]} 25. Qg4 {[%emt 0:04:36]} Qxg4 {[%emt 0:04:06]} 26. Nxg4 {[%emt 0:00:08]} Bg5 {[%emt 0:00:50]} 27. Ne3 {[%emt 0:05:02]} e4 {[%emt 0:07:15]} 28. d4 {[%emt 0:00:31]} cxd4 {[%emt 0:00:16]} 29. cxd4 {[%emt 0:00:06]} Nb4 {[%emt 0:00:30]} 30. d5 {[%emt 0:06:12]} Bxe3 {[%emt 0:03:28]} 31. fxe3 {[%emt 0:00:03]} Rxd5 {[%emt 0:00:08]} 32. Rxd5 {[%emt 0:05:55]} Rxd5 {[%emt 0:00:00]} 33. Rxd5 {[%emt 0:00:28]} Nxd5 {[%emt 0:00:12]} 34. Bd4 {[%emt 0:00:06]} a6 {[%emt 0:00:11]} 35. a3 {[%emt 0:00:09]} Kf7 {[%emt 0:00:04]} 36. Kf2 {[%emt 0:00:01]} h5 {[%emt 0:01:20]} 37. Ke2 {[%emt 0:00:11]} Ke6 {[%emt 0:00:06]} 38. Kf2 {[%emt 0:00:07]} f5 {[%emt 0:01:24]} 39. Ke2 {[%emt 0:01:18]} g5 {[%emt 0:01:01]} 40. g3 {[%emt 0:01:11]} f4 {[%emt 0:00:51]} 41. gxf4 {[%emt 0:08:04]} gxf4 {[%emt 0:00:00]} 42. exf4 {[%emt 0:00:10]} Kf5 {[%emt 0:00:00]} 43. Be3 {[%emt 0:06:45]} Nxe3 {[%emt 0:10:31]} 44. Kxe3 {[%emt 0:00:11]} h4 {[%emt 0:00:01]} 45. b4 {[%emt 0:05:49]} h3 {[%emt 0:01:26]} 46. a4 {[%emt 0:07:40]} b6 {[%emt 0:00:10]} 47. b5 {[%emt 0:00:09]} a5 0-1

[Event "Vienna Chess Open 2019"]
[Site "Vienna"]
[Date "2019.08.18"]
[Round "2.10"]
[White "Muetsch, Annmarie"]
[Black "Fedorovsky, Michael"]
[Result "1/2-1/2"]
[WhiteElo "2233"]
[BlackElo "2441"]
[Annotator "ChessBase"]
[PlyCount "117"]
[EventDate "2019.08.17"]
[EventType "swiss"]
[EventCountry "AUT"]
[SourceTitle "playchess.com"]
[Source "ChessBase"]
[SourceQuality "1"]
[TimeControl "40/5400+30:1800+30"]

1. e4 {[%emt 0:03:00]} e5 {[%emt 0:00:00]} 2. Nf3 {[%emt 0:00:14]} Nc6 {[%emt 0:00:00]} 3. d4 {[%emt 0:00:28]} exd4 {[%emt 0:00:00]} 4. Nxd4 {[%emt 0:00:07]} Nf6 {[%emt 0:00:04]} 5. Nxc6 {[%emt 0:00:12]} bxc6 {[%emt 0:00:08]} 6. e5 {[%emt 0:00:04]} Qe7 {[%emt 0:00:28]} 7. Qe2 {[%emt 0:00:06]} Nd5 {[%emt 0:00:08]} 8. c4 {[%emt 0:00:06]} Nb6 {[%emt 0:01:59]} 9. Nc3 {[%emt 0:00:11]} Ba6 {[%emt 0:00:56]} 10. Qe4 {[%emt 0:02:01]} f6 {[%emt 0:01:35]} 11. exf6 {[%emt 0:05:30]} Qxe4+ {[%emt 0:00:24]} 12. Nxe4 {[%emt 0:00:06]} gxf6 {[%emt 0:00:38]} 13. Nxf6+ {[%emt 0:12:43]} Kf7 {[%emt 0:00:12]} 14. Ng4 {[%emt 0:05:03]} Re8+ {[%emt 0:17:44]} 15. Ne3 {[%emt 0:03:28]} Nxc4 {[%emt 0:10:35]} 16. b3 {[%emt 0:03:33]} Bg7 {[%emt 0:07:29]} 17. Rb1 {[%emt 0:00:41]} Nxe3 {[%emt 0:01:04]} 18. Bxe3 {[%emt 0:01:37]} Bxf1 {[%emt 0:02:09]} 19. Kxf1 {[%emt 0:01:57]} Re4 {[%emt 0:06:17]} 20. Ke2 {[%emt 0:08:13]} Rhe8 {[%emt 0:03:14]} 21. Kf3 {[%emt 0:06:47]} a5 {[%emt 0:17:43]} 22. Rbc1 {[%emt 0:03:04]} R8e6 {[%emt 0:06:20]} 23. g3 {[%emt 0:07:39]} d5 {[%emt 0:03:13]} 24. Rc5 {[%emt 0:07:56]} a4 {[%emt 0:04:16]} 25. Rhc1 {[%emt 0:01:14]} axb3 {[%emt 0:00:46]} 26. axb3 {[%emt 0:00:18]} Rb4 {[%emt 0:02:47]} 27. Rxc6 {[%emt 0:00:29]} Rxc6 {[%emt 0:00:59]} 28. Rxc6 {[%emt 0:00:06]} Be5 {[%emt 0:00:09]} 29. Bf4 {[%emt 0:07:44]} Bxf4 {[%emt 0:02:22]} 30. gxf4 {[%emt 0:00:06]} Rxb3+ {[%emt 0:02:54]} 31. Kg4 {[%emt 0:00:14]} Rb7 {[%emt 0:04:45]} 32. Kf5 {[%emt 0:04:11]} d4 {[%emt 0:00:51]} 33. Ke4 {[%emt 0:02:04]} h5 {[%emt 0:03:17]} 34. h4 {[%emt 0:01:09]} Rb6 {[%emt 0:00:47]} 35. Rxc7+ {[%emt 0:01:21]} Kf6 {[%emt 0:00:03]} 36. Rc5 {[%emt 0:02:32]} Rd6 {[%emt 0:00:47]} 37. Rxh5 {[%emt 0:01:01]} Kg6 {[%emt 0:00:05]} 38. Rg5+ {[%emt 0:00:30]} Kh6 {[%emt 0:01:00]} 39. Kd3 {[%emt 0:01:00]} Rd8 {[%emt 0:00:37]} 40. f5 {[%emt 0:01:25]} Rd7 {[%emt 0:00:28]} 41. f6 {[%emt 0:32:53]} Rf7 {[%emt 0:07:41]} 42. Rf5 {[%emt 0:00:00]} Kh7 {[%emt 0:00:37]} 43. Kxd4 {[%emt 0:00:00]} Kg8 {[%emt 0:00:40]} 44. Ke5 {[%emt 0:00:00]} Ra7 {[%emt 0:00:28]} 45. f7+ {[%emt 0:00:00]} Kf8 {[%emt 0:00:04]} 46. Kf4 {[%emt 0:00:00]} Ra1 {[%emt 0:02:06]} 47. Kg5 {[%emt 0:00:00]} Rg1+ {[%emt 0:00:52]} 48. Kh6 {[%emt 0:00:00]} Rg2 {[%emt 0:01:14]} 49. h5 {[%emt 0:00:00]} Rg1 {[%emt 0:05:20]} 50. Kh7 {[%emt 0:00:00]} Rg7+ {[%emt 0:00:32]} 51. Kh8 {[%emt 0:00:00]} Rg2 {[%emt 0:00:48]} 52. h6 {[%emt 0:00:00]} Rg6 {[%emt 0:01:40]} 53. h7 {[%emt 0:00:00]} Rg2 {[%emt 0:02:45]} 54. Rf3 {[%emt 0:00:00]} Rh2 {[%emt 0:02:29]} 55. Rf6 {[%emt 0:00:00]} Rg2 {[%emt 0:00:07]} 56. f3 {[%emt 0:00:00]} Rg3 {[%emt 0:00:07]} 57. f4 {[%emt 0:00:00]} Rg4 {[%emt 0:01:36]} 58. Rf5 {[%emt 0:00:00]} Rh4 {[%emt 0:00:26]} 59. Ra5 {[%emt 0:00:00]} 1/2-1/2

[Event "Vienna Chess Open 2019"]
[Site "Vienna"]
[Date "2019.08.18"]
[Round "2.11"]
[White "Stanec, Nikolaus"]
[Black "Sarvadh Sathiaram"]
[Result "1-0"]
[WhiteElo "2483"]
[BlackElo "2239"]
[Annotator "ChessBase"]
[PlyCount "93"]
[EventDate "2019.08.17"]
[EventType "swiss"]
[EventCountry "AUT"]
[SourceTitle "playchess.com"]
[Source "ChessBase"]
[SourceQuality "1"]
[TimeControl "40/5400+30:1800+30"]

1. c4 {[%emt 0:00:43]} e5 {[%emt 0:00:00]} 2. d3 {[%emt 0:00:06]} Nc6 {[%emt 0:00:00]} 3. Nc3 {[%emt 0:00:18]} f5 {[%emt 0:00:00]} 4. g3 {[%emt 0:00:14]} g6 {[%emt 0:00:11]} 5. Bg2 {[%emt 0:00:06]} Nf6 {[%emt 0:00:10]} 6. Bg5 {[%emt 0:01:37]} Bg7 {[%emt 0:00:57]} 7. Nf3 {[%emt 0:02:02]} d6 {[%emt 0:02:55]} 8. Nd5 {[%emt 0:01:07]} h6 {[%emt 0:06:54]} 9. Bxf6 {[%emt 0:00:05]} Bxf6 {[%emt 0:00:04]} 10. O-O {[%emt 0:00:44]} Be6 {[%emt 0:02:47]} 11. Rb1 {[%emt 0:02:49]} O-O {[%emt 0:02:15]} 12. b4 {[%emt 0:01:52]} g5 {[%emt 0:09:23]} 13. Nd2 {[%emt 0:02:40]} Rb8 {[%emt 0:01:39]} 14. b5 {[%emt 0:02:07]} Ne7 {[%emt 0:00:19]} 15. Nxf6+ {[%emt 0:03:35]} Rxf6 {[%emt 0:00:05]} 16. e3 {[%emt 0:00:40]} d5 {[%emt 0:07:16]} 17. Qc2 {[%emt 0:03:15]} Rf8 {[%emt 0:10:43]} 18. cxd5 {[%emt 0:06:51]} Bxd5 {[%emt 0:06:28]} 19. e4 {[%emt 0:01:54]} Be6 {[%emt 0:01:47]} 20. Rbc1 {[%emt 0:08:27]} c6 {[%emt 0:08:23]} 21. Qc5 {[%emt 0:02:07]} Qc7 {[%emt 0:03:41]} 22. exf5 {[%emt 0:02:58]} Nxf5 {[%emt 0:01:07]} 23. bxc6 {[%emt 0:01:22]} b6 {[%emt 0:00:31]} 24. Qa3 {[%emt 0:04:25]} Nd4 {[%emt 0:00:49]} 25. Rfe1 {[%emt 0:00:23]} Rbd8 {[%emt 0:04:26]} 26. Qb2 {[%emt 0:10:45]} Bg4 {[%emt 0:10:20]} 27. Nb3 {[%emt 0:04:53]} Bf3 {[%emt 0:04:35]} 28. Nxd4 {[%emt 0:00:28]} Rxd4 {[%emt 0:00:09]} 29. Qb3+ {[%emt 0:04:27]} Kg7 {[%emt 0:00:23]} 30. Bxf3 {[%emt 0:03:05]} Rxf3 {[%emt 0:00:06]} 31. Qe6 {[%emt 0:00:08]} Rfxd3 {[%emt 0:02:37]} 32. Rxe5 {[%emt 0:01:09]} Rd1+ {[%emt 0:01:23]} 33. Re1 {[%emt 0:00:42]} Rxc1 {[%emt 0:03:07]} 34. Rxc1 {[%emt 0:00:33]} Rd8 {[%emt 0:03:33]} 35. Qe4 {[%emt 0:04:06]} Rf8 {[%emt 0:04:50]} 36. h4 {[%emt 0:03:07]} Rf6 {[%emt 0:00:31]} 37. hxg5 {[%emt 0:00:59]} hxg5 {[%emt 0:00:04]} 38. Qd5 {[%emt 0:00:55]} Kg6 {[%emt 0:01:22]} 39. Rc4 {[%emt 0:00:49]} Rd6 {[%emt 0:01:33]} 40. Qg8+ {[%emt 0:02:11]} Kf6 {[%emt 0:00:18]} 41. Qf8+ {[%emt 0:32:39]} Kg6 {[%emt 0:30:27]} 42. Qe8+ {[%emt 0:00:14]} Kf6 {[%emt 0:00:00]} 43. Rc3 {[%emt 0:00:00]} g4 {[%emt 0:00:00]} 44. Rc4 {[%emt 0:00:00]} Kg5 {[%emt 0:00:00]} 45. Qe5+ {[%emt 0:00:00]} Kh6 {[%emt 0:00:00]} 46. Qf4+ {[%emt 0:00:00]} Kh7 {[%emt 0:00:00]} 47. Qxg4 {[%emt 0:00:00]} 1-0

[Event "Vienna Chess Open 2019"]
[Site "Vienna"]
[Date "2019.08.18"]
[Round "2.11"]
[White "Markoja, Boris"]
[Black "Breneis, Lukas"]
[Result "1-0"]
[WhiteElo "2440"]
[BlackElo "2215"]
[Annotator "NA"]
[PlyCount "95"]
[EventDate "2019.08.17"]
[EventType "swiss"]
[EventCountry "AUT"]
[SourceTitle "playchess.com"]
[Source "ChessBase"]
[SourceQuality "1"]
[TimeControl "40/5400+30:1800+30"]

1. d4 {[%emt 0:00:00]} Nf6 {[%emt 0:00:05]} 2. c4 {[%emt 0:00:00]} c5 {[%emt 0:00:56]} 3. d5 {[%emt 0:00:18]} b5 {[%emt 0:00:43]} 4. cxb5 {[%emt 0:01:34]} a6 {[%emt 0:00:11]} 5. e3 {[%emt 0:00:19]} e6 {[%emt 0:09:55]} 6. Nc3 {[%emt 0:02:38]} exd5 {[%emt 0:02:59]} 7. Nxd5 {[%emt 0:03:47]} Bb7 {[%emt 0:01:02]} 8. Nxf6+ {[%emt 0:02:23]} Qxf6 {[%emt 0:04:36]} 9. Nf3 {[%emt 0:01:03]} Be7 {[%emt 0:08:16]} 10. bxa6 {[%emt 0:16:41]} Nxa6 {[%emt 0:00:49]} 11. Bd2 {[%emt 0:00:24]} Qxb2 {[%emt 0:18:42]} 12. Rb1 {[%emt 0:02:27]} Bxf3 {[%emt 0:00:09]} 13. Rxb2 {[%emt 0:01:28]} Bxd1 {[%emt 0:00:05]} 14. Kxd1 {[%emt 0:00:25]} Nb4 {[%emt 0:09:48]} 15. Bxb4 {[%emt 0:04:16]} cxb4 {[%emt 0:00:05]} 16. Bc4 {[%emt 0:00:29]} Bc5 {[%emt 0:15:00]} 17. Ke2 {[%emt 0:04:13]} Ke7 {[%emt 0:00:10]} 18. Rd2 {[%emt 0:02:02]} d6 {[%emt 0:00:44]} 19. Rd5 {[%emt 0:01:00]} g6 {[%emt 0:04:45]} 20. e4 {[%emt 0:08:51]} Ra3 {[%emt 0:00:54]} 21. Bb3 {[%emt 0:00:50]} Rha8 {[%emt 0:01:19]} 22. Rhd1 {[%emt 0:08:42]} f6 {[%emt 0:00:19]} 23. R1d2 {[%emt 0:00:45]} R3a6 {[%emt 0:01:19]} 24. f4 {[%emt 0:00:31]} Re8 {[%emt 0:05:16]} 25. Kf3 {[%emt 0:01:27]} Kf8 {[%emt 0:00:14]} 26. g4 {[%emt 0:01:21]} Kg7 {[%emt 0:04:51]} 27. h4 {[%emt 0:01:27]} h6 {[%emt 0:00:21]} 28. Rg2 {[%emt 0:02:14]} Ra7 {[%emt 0:02:39]} 29. g5 {[%emt 0:01:03]} hxg5 {[%emt 0:06:30]} 30. hxg5 {[%emt 0:00:07]} Rc7 {[%emt 0:01:27]} 31. gxf6+ {[%emt 0:06:08]} Kxf6 {[%emt 0:00:01]} 32. Rdg5 {[%emt 0:00:13]} Rg7 {[%emt 0:00:08]} 33. f5 {[%emt 0:00:34]} Rf8 {[%emt 0:01:37]} 34. Rxg6+ {[%emt 0:01:10]} Rxg6 {[%emt 0:00:01]} 35. Rxg6+ {[%emt 0:00:02]} Ke7 {[%emt 0:00:40]} 36. Re6+ {[%emt 0:03:35]} Kd7 {[%emt 0:00:01]} 37. Ba4+ {[%emt 0:00:19]} Kc7 {[%emt 0:00:17]} 38. f6 {[%emt 0:02:11]} Bd4 {[%emt 0:00:19]} 39. Re7+ {[%emt 0:00:05]} Kb6 {[%emt 0:01:24]} 40. f7 {[%emt 0:00:11]} Bf6 {[%emt 0:00:51]} 41. Rd7 {[%emt 0:31:19]} Kc5 {[%emt 0:02:51]} 42. Kf4 {[%emt 0:00:00]} Be5+ {[%emt 0:00:51]} 43. Kf5 {[%emt 0:00:00]} Kd4 {[%emt 0:00:01]} 44. Re7 {[%emt 0:00:00]} d5 {[%emt 0:01:30]} 45. Bb3 {[%emt 0:00:00]} Bd6 {[%emt 0:01:02]} 46. Rd7 {[%emt 0:00:00]} dxe4 {[%emt 0:00:32]} 47. Rxd6+ {[%emt 0:00:00]} Kc5 {[%emt 0:00:03]} 48. Rd5+ {[%emt 0:00:00] Kxd5 Kxe4+} 1-0

[Event "Vienna Chess Open 2019"]
[Site "Vienna"]
[Date "2019.08.18"]
[Round "2.11"]
[White "Gombocz, Ferenc Jr."]
[Black "Valmana Canto, Jaime"]
[Result "0-1"]
[WhiteElo "2203"]
[BlackElo "2406"]
[Annotator "NA"]
[PlyCount "70"]
[EventDate "2019.08.17"]
[EventType "swiss"]
[EventCountry "AUT"]
[SourceTitle "playchess.com"]
[Source "ChessBase"]
[SourceQuality "1"]
[TimeControl "40/5400+30:1800+30"]

1. c4 {[%emt 0:00:00]} e5 {[%emt 0:00:00]} 2. g3 {[%emt 0:00:00]} Nf6 {[%emt 0:00:00]} 3. Bg2 {[%emt 0:00:01]} d5 {[%emt 0:00:30]} 4. cxd5 {[%emt 0:00:21]} Nxd5 {[%emt 0:00:08]} 5. Nc3 {[%emt 0:00:08]} Nxc3 {[%emt 0:00:19]} 6. bxc3 {[%emt 0:00:32]} Nc6 {[%emt 0:00:09]} 7. d3 {[%emt 0:05:38]} Bc5 {[%emt 0:00:11]} 8. Nf3 {[%emt 0:00:43]} O-O {[%emt 0:00:14]} 9. O-O {[%emt 0:00:08]} Rb8 {[%emt 0:01:24]} 10. Bb2 {[%emt 0:00:59]} Bb6 {[%emt 0:01:06]} 11. d4 {[%emt 0:03:58]} Qe7 {[%emt 0:04:02]} 12. Qc2 {[%emt 0:03:30]} Rd8 {[%emt 0:10:07]} 13. Rfd1 {[%emt 0:03:44]} Bg4 {[%emt 0:02:02]} 14. d5 {[%emt 0:13:04]} Na5 {[%emt 0:00:36]} 15. Qa4 {[%emt 0:00:25]} Bxf3 {[%emt 0:10:04]} 16. Bxf3 {[%emt 0:04:38]} Qc5 {[%emt 0:00:10]} 17. e3 {[%emt 0:00:11]} Nc4 {[%emt 0:00:25]} 18. Bc1 {[%emt 0:00:52]} Ba5 {[%emt 0:02:21]} 19. Rb1 {[%emt 0:05:34]} a6 {[%emt 0:11:32]} 20. d6 {[%emt 0:13:49]} b5 {[%emt 0:20:15]} 21. dxc7 {[%emt 0:00:54]} Qxc7 {[%emt 0:00:08]} 22. Rxd8+ {[%emt 0:01:24]} Rxd8 {[%emt 0:00:10]} 23. Qc2 {[%emt 0:00:14]} Nb6 {[%emt 0:00:19]} 24. Bb2 {[%emt 0:02:22]} Na4 {[%emt 0:03:33]} 25. Rc1 {[%emt 0:00:18]} g6 {[%emt 0:01:10]} 26. Ba1 {[%emt 0:05:45]} Nb6 {[%emt 0:19:51]} 27. Rd1 {[%emt 0:05:27]} Rc8 {[%emt 0:02:16]} 28. Bg4 {[%emt 0:01:13]} f5 {[%emt 0:00:23]} 29. Bxf5 {[%emt 0:00:30]} gxf5 {[%emt 0:00:54]} 30. Qxf5 {[%emt 0:00:05]} Rf8 {[%emt 0:00:35]} 31. Qg4+ {[%emt 0:02:40]} Qg7 {[%emt 0:00:49]} 32. Qe6+ {[%emt 0:01:18]} Qf7 {[%emt 0:00:10]} 33. Qg4+ {[%emt 0:00:09]} Kh8 {[%emt 0:02:40]} 34. f4 {[%emt 0:01:20]} Nc4 {[%emt 0:00:08]} 35. Qe2 {[%emt 0:01:40]} Bb6 {[%emt 0:00:58]} 0-1